LEADER 01104nam0 22002891i 450 001 UON00001960 005 20231205101853.29 100 $a20020107f |0itac50 ba 101 $aurd 102 $aIN 105 $a|||| 1|||| 200 1 $aBahar-e Dag$f[Ed.] Sayyad Nazir Niyazi 210 $aLahawr$cUrdu Buk Istal$d[19..] 215 $a177 p.$d17 cm 606 $aLetteratura urdu$xPoesia e Teatro$3UONC000962$2FI 620 $aPK$dLahore$3UONL000599 686 $aSI VI DB$cSUBCONT. INDIANO - LETTERATURA URDU - MEDIEVALE$2A 700 1$aDAG$bMirza Xan Dehlavi$3UONV011806$0637073 702 1$aNIYAZI$bSayyid Nazir$3UONV005798 712 $aUrdu Buk Istal$3UONV248303$4650 790 1$aNAZIR, Sayyad Niyazi$zNIYAZI, Sayyid Nazir$3UONV011807 801 $aIT$bSOL$c20251114$gRICA 899 $aSIBA - SISTEMA BIBLIOTECARIO DI ATENEO$2UONSI 912 $aUON00001960 950 $aSIBA - SISTEMA BIBLIOTECARIO DI ATENEO$dSI SI VI DB 054 $eSI IND2537 5 054 996 $aBahar-e Dag$91174346 997 $aUNIOR LEADER 01034nam 2200253la 450 001 9910482821103321 005 20221102152950.0 035 $a(UK-CbPIL)2090313949 035 $a(CKB)5500000000094963 035 $a(EXLCZ)995500000000094963 100 $a20221102d1585 uy | 101 0 $alat 135 $aurcn||||a|bb| 200 10$aMagnifico, amplissimo nobilissimoque viro, sapientia doctrina omnimodaque virtute prĉeminenti, D. Nicolao Kaasio, Domino de Taarup ... amico suo inprimis observando 210 $aUranienborg $c[s.n.]$d1585 215 $aOnline resource ([4] bl.) 300 $aReproduction of original in Det Kongelige Bibliotek / The Royal Library (Copenhagen). 700 $aBrahe$b Tycho$f1546-1601.$045241 801 0$bUk-CbPIL 801 1$bUk-CbPIL 906 $aBOOK 912 $a9910482821103321 996 $aMagnifico, amplissimo nobilissimoque viro, sapientia doctrina omnimodaque virtute prĉeminenti, D. Nicolao Kaasio, Domino de Taarup ... amico suo inprimis observando$92190568 997 $aUNINA